000 00284nam a22001217a 4500
008 170329b xxu||||| |||| 00| 0 eng d
041 _aeng
080 _24 ED
_a616-053.2
100 _a8
101 _aSHM
245 _aEDUCATIONAL REWIEW MANUAL PEDIATRICS
_cLEMBO.R.M
942 _2udc
_cBK
999 _c9027
_d9027